00291nam a22001217a 4500003000400000020001800004082001900022100002000041245003700061260003800098300000800136650002500144SGT a9789390900961 a342.0954bB22R aRAY, RAMBHADUR  aBHARTIYA SANVIDHAN ANKAHI KHANI  aINDIA bPRABHAT PAPERBACKS c2022 a502 aINDIAN CONSTITUTION